Partners in Dialogue (Record no. 8424)

MARC details
000 -LEADER
fixed length control field 00613nam a2200241 a 4500
020 ## - INTERNATIONAL STANDARD BOOK NUMBER
ISBN 0883443
082 00 - DEWEY DECIMAL CLASSIFICATION NUMBER
Classification number 291.172
Author Cutter CAM
100 ## - MAIN ENTRY--AUTHOR NAME
Author name Camps, Arnulf
245 ## - TITLE STATEMENT
Title Partners in Dialogue
Sub title Christianity and Other Religions.
260 ## - PUBLICATION, DISTRIBUTION, ETC. (IMPRINT)
Place of publication New York
Name of publisher Orbis Books
Year of publication 1983
300 ## - PHYSICAL DESCRIPTION
Number of Pages 255p
500 ## - GENERAL NOTE
General note includes index and biblioraphy
505 2# - FORMATTED CONTENTS NOTE
Formatted contents note index
650 ## - SUBJECT ADDED ENTRY--TOPICAL TERM
Topical Term Interfaith Dialogue
942 ## - ADDED ENTRY ELEMENTS (KOHA)
Koha item type Books
700 1# -
-- Camps, Arnulf
Holdings
Collection code Home library Current library Date acquired Cost, normal purchase price Full call number Accession Number Koha item type
  Henry Martyn Institute Library Henry Martyn Institute Library 10/25/2011 100.00 291.172 CAM 012163 Books
                   Copyright © 2026 | Henry Martyn Institute | Hyderabad | TS-500052 | INDIA | Implemented by hmi.edu.in
Hit-Count:

Powered by Koha